Maiores Artilheiros Seleção da Alemanha - Statistics

Estatísticas Gerais
  • Esse quiz foi jogado 89 vezes
  • A pontuação média é 5 de 10
Estatísticas das Respostas
Gols Jogos Período Jogador % Correto
68 62 1966-1974 Gerd Müller
99%
44 121 2010-presente Thomas Müller
97%
71 137 2001-2014 Miroslav Klose
94%
49 130 2004-2017 Lukas Podolski
56%
42 98 1999-2010 Michael Ballack
49%
47 108 1987-1998 Jürgen Klinsmann
40%
47 90 1982-1994 Rudi Völler
33%
45 95 1976-1986 Karl-Heinz Rummenigge
32%
37 70 1996-2002 Oliver Bierhoff
15%
43 72 1954-1970 Uwe Seeler
11%
Nenhum quiz correspondente encontrado
Distribuição das Pontuações
Porcentagem de Pessoas com Cada Pontuação
Percentil de Números Respondidos
Sua Pontuação Histórica
Você não jogou esse quiz